Business statistics: (Record no. 209430)
[ view plain ]
| 000 -LEADER | |
|---|---|
| fixed length control field | 00722nam a2200229Ia 4500 |
| 005 - DATE AND TIME OF LATEST TRANSACTION | |
| control field | 20220210114156.0 |
| 008 - FIXED-LENGTH DATA ELEMENTS--GENERAL INFORMATION | |
| fixed length control field | 210716s2010 xx 000 0 und d |
| 020 ## - INTERNATIONAL STANDARD BOOK NUMBER | |
| International Standard Book Number | 978019 8722533 |
| 040 ## - CATALOGING SOURCE | |
| Transcribing agency | AIMIT LIBRARY |
| 041 ## - LANGUAGE CODE | |
| Language code of text/sound track or separate title | eng |
| 082 ## - DEWEY DECIMAL CLASSIFICATION NUMBER | |
| Classification number | 519.5 |
| Edition number | 2nd ed. |
| Item number | DAVG |
| 100 ## - MAIN ENTRY--PERSONAL NAME | |
| Personal name | Davis, Glyn. |
| 9 (RLIN) | 18928 |
| 245 ## - TITLE STATEMENT | |
| Title | Business statistics: |
| Remainder of title | using excel / |
| Statement of responsibility, etc. | By Glyn Davis and Pecar, Branko. |
| 250 ## - EDITION STATEMENT | |
| Edition statement | 2nd ed. |
| 260 ## - PUBLICATION, DISTRIBUTION, ETC. | |
| Place of publication, distribution, etc. | New York : |
| Name of publisher, distributor, etc. | Oxford University Press , |
| Date of publication, distribution, etc. | 2010. |
| 300 ## - PHYSICAL DESCRIPTION | |
| Extent | xvii,486 p. ; |
| Dimensions | 24 cm. |
| 650 ## - SUBJECT ADDED ENTRY--TOPICAL TERM | |
| Topical term or geographic name entry element | Daa descriptors |
| 9 (RLIN) | 18929 |
| 650 ## - SUBJECT ADDED ENTRY--TOPICAL TERM | |
| Topical term or geographic name entry element | Prabability distributions |
| 9 (RLIN) | 18930 |
| 650 ## - SUBJECT ADDED ENTRY--TOPICAL TERM | |
| Topical term or geographic name entry element | Time series data and analysis |
| 9 (RLIN) | 18931 |
| 700 ## - ADDED ENTRY--PERSONAL NAME | |
| Personal name | Pecar, Branko. |
| 9 (RLIN) | 18932 |
| 942 ## - ADDED ENTRY ELEMENTS (KOHA) | |
| Source of classification or shelving scheme | Dewey Decimal Classification |
| Koha item type | Book |
| Edition | 2nd |
| Call number prefix | 519.5 DAVG |
| Withdrawn status | Lost status | Source of classification or shelving scheme | Damaged status | Not for loan | Collection code | Home library | Current library | Date acquired | Cost, normal purchase price | Inventory number | Total Checkouts | Full call number | Barcode | Date last seen | Cost, replacement price | Price effective from | Koha item type |
|---|---|---|---|---|---|---|---|---|---|---|---|---|---|---|---|---|---|
| Dewey Decimal Classification | MBA | St Aloysius Institute of Management & Information Technology | St Aloysius Institute of Management & Information Technology | 11/16/2015 | 511.00 | Bill no:612; Bill dt:2015-10-20 | 519.53 DAVG | MBA11996 | 05/23/2026 | 383.25 | 07/16/2021 | Book | |||||
| Dewey Decimal Classification | MBA | St Aloysius Institute of Management & Information Technology | St Aloysius Institute of Management & Information Technology | 11/16/2015 | 511.00 | Bill no:612; Bill dt:2015-10-20 | 519.53 DAVG | MBA11997 | 05/23/2026 | 383.25 | 07/16/2021 | Book | |||||
| Dewey Decimal Classification | MBA | St Aloysius Institute of Management & Information Technology | St Aloysius Institute of Management & Information Technology | 11/16/2015 | 511.00 | Bill no:612; Bill dt:2015-10-20 | 519.53 DAVG | MBA11998 | 05/23/2026 | 383.25 | 07/16/2021 | Book |